Dilapidations claims (Record no. 110562)

MARC details
000 -LEADER
fixed length control field 01238cad a22002055a 4500
001 - CONTROL NUMBER
control field E149612
008 - FIXED-LENGTH DATA ELEMENTS--GENERAL INFORMATION
fixed length control field 100325e20100127xxk f 000 0 eng d
035 ## - SYSTEM CONTROL NUMBER
System control number (Sirsi) u149612
041 0# - LANGUAGE CODE
Language code of text/sound track or separate title eng
100 1# - MAIN ENTRY--PERSONAL NAME
Personal name Fetherstonhaugh, Guy
245 00 - TITLE STATEMENT
Title Dilapidations claims
Remainder of title the relevance of post-termination events
Medium [electronic resource]
260 ## - PUBLICATION, DISTRIBUTION, ETC.
Place of publication, distribution, etc. London
Name of publisher, distributor, etc. Falcon Chambers
Date of publication, distribution, etc. 2010
520 ## - SUMMARY, ETC.
Summary, etc. A paper presented at the PLA/RICS Dilapidations Forum Seminar on 27 January 2010. Looks at how to calculate the landlord's loss in the event of a number of potential post-termination events such as the presence, and subsequent going out of business, of a sub-tenant; the occupation of the property by squatters; and the collapse of the office market. Suggests that the proper approach should be to assess how far the events in question illuminate the situation as it existed at the review date.
521 ## - TARGET AUDIENCE NOTE
Target audience note Advanced
590 ## - LOCAL NOTE (RLIN)
Local note KA
651 #4 - SUBJECT ADDED ENTRY--GEOGRAPHIC NAME
Geographic name England and Wales
Chronological subdivision 1543-
690 ## - LOCAL SUBJECT ADDED ENTRY--TOPICAL TERM (OCLC, RLIN)
Topical term or geographic name as entry element BUILT ENVIRONMENT-BUILDING SURVEYING-DILAPIDATIONS SURVEYING
856 40 - ELECTRONIC LOCATION AND ACCESS
Uniform Resource Identifier <a href="https://www.pla.org.uk/__data/assets/pdf_file/0020/85421/Dilaps_event_27.1.2010_-_Fetherstonhaugh_QC.pdf">https://www.pla.org.uk/__data/assets/pdf_file/0020/85421/Dilaps_event_27.1.2010_-_Fetherstonhaugh_QC.pdf</a>
Public note View the item free of charge (PDF file) at www.pla.org.uk
942 ## - ADDED ENTRY ELEMENTS (KOHA)
Suppress in OPAC 0
Holdings
Withdrawn status Lost status Source of classification or shelving scheme Damaged status Not for loan Home library Current library Shelving location Date acquired Total Checkouts Full call number Barcode Date last seen Copy number Price effective from Koha item type
    Dewey Decimal Classification     Virtual Virtual Online 25/03/2010   ONLINE PUBLICATION 149612-2001 06/08/2019 1 06/08/2019 Book